000 00312nam a22001457a 4500
003 SGT
020 _a9780262035613
082 _a006.31,GOO
100 _aGOODFELLOW, IAN
245 _aDEEP LEARNING
260 _aLONDON
_bTHE MIT PRESS
_c2016
300 _a775
650 _aCOMPUTER SCIENCE
942 _2ddc
_cBK
999 _c33320
_d33320